| 000 | 01508nam a2200373 c 4500 | ||
|---|---|---|---|
| 999 |
_c66158 _d66158 |
||
| 003 | BLK | ||
| 005 | 20240828142414.0 | ||
| 008 | 180408b bul|||||r ||||||| ||bul|| | ||
| 010 | _aKNG00070446000 | ||
| 040 | _aBLK | ||
| 041 |
_aBUL _cBUL |
||
| 072 | 7 |
_2bullib _aК _xКраезнание |
|
| 072 | 7 |
_2bullib _aРА _xРусенски автори |
|
| 080 |
_aБългарска литература _b821.163.2 _x-1 _z821.163.2-1 |
||
| 100 | 1 |
_aЦанев, Стефан Неделчев _d1936- _gПисател, поет, драматург. _9364639 |
|
| 139 |
_aЦанев, Стефан Неделчев _bЦ 16 |
||
| 245 | 1 | 0 |
_aСезонът на илюзиите _bЛюбовни стихотворения _cСтефан Неделчев Цанев; ил. Росица Руменова Скорчева. |
| 257 | _aBGR | ||
| 260 |
_bГеорги Бакалов _c1988 _fСофия : ДП Балкан |
||
| 300 |
_a111 с. _bс ил. _c24 см |
||
| 380 | _aX | ||
| 500 | _a23 111 тир. | ||
| 653 | _aлюбовна поезия | ||
| 659 | _aК | ||
| 700 |
_aСкорчева, Росица Руменова _d1962 - _gХудожник. Преводач на английски език. _9370639 |
||
| 852 | _aЦб 156392 | ||
| 852 | _aК 821.163.2/Ц 16 С | ||
| 856 | 4 | _qpdf | |
| 856 | 4 | _qpdf | |
| 942 |
_cKNG _n0 _s1 _02 |
||
| 944 |
_aCR _c10.01.2007 _lЦветелина Шанова _k30531 |
||
| 944 |
_aED _c21.07.2015 _lф / _kЛюдмила_Стоянова |
||
| 999 | _d66158 | ||